[Event "Titled Tuesday intern op 01st Apr Early"]
[Site "Chess.com INT"]
[Date "2025.04.01"]
[Round "7"]
[White "De Lomas Busquets, Alba"]
[Black "Montero Martinez, Cristian"]
[Result "0-1"]
[WhiteElo "2013"]
[BlackElo "2028"]
[PlyCount "76"]
[EventDate "2025.04.01"]
[EventType "swiss (blitz)"]
[EventRounds "11"]
[EventCountry "USA"]
[SourceTitle "CB15_2025"]
[SourceDate "2025.04.09"]
[SourceVersion "1"]
[SourceVersionDate "2025.04.09"]
[SourceQuality "1"]

1. d4 d6 2. Nf3 g6 3. Nc3 Bg7 4. e4 Nd7 5. Be3 e5 6. Qd2 Ngf6 7. h3 exd4 8. Bxd4 0-0 9. 0-0-0 Re8 10. Bd3 Ne5 11. Nxe5 dxe5 12. Be3 c6 13. Bh6 Be6 14. f3 Qe7 15. h4 Qf8 16. Bxg7 Qxg7 17. g4 h5 18. gxh5 Nxh5 19. Ne2 Kh7 20. Rhg1 Qh6 21. f4 Nxf4 22. Kb1 Nxe2 23. Qxe2 Rad8 24. Rdf1 Rg8 25. h5 g5 26. Rf6 Qxf6 27. h6 Rg6 28. Rf1 Qe7 29. a3 Rxh6 30. Qe3 Rg8 31. Qxa7 g4 32. Qf2 g3 33. Qg1 Qg5 34. Be2 g2 35. Rf2 Rh1 36. Rxg2 Rxg1+ 37. Rxg1 Qxg1+ 38. Bd1 Qxd1# 0-1

[Event "Titled Tuesday intern op 01st Apr Early"]
[Site "Chess.com INT"]
[Date "2025.04.01"]
[Round "1"]
[White "Gong, Qianyun"]
[Black "Montero Martinez, Cristian"]
[Result "1-0"]
[WhiteElo "2272"]
[BlackElo "2028"]
[PlyCount "47"]
[EventDate "2025.04.01"]
[EventType "swiss (blitz)"]
[EventRounds "11"]
[EventCountry "USA"]
[SourceTitle "CB15_2025"]
[SourceDate "2025.04.09"]
[SourceVersion "1"]
[SourceVersionDate "2025.04.09"]
[SourceQuality "1"]

1. d4 d6 2. c4 g6 3. Nc3 Bg7 4. Nf3 Nc6 5. h3 e5 6. d5 Nd4 7. Nxd4 exd4 8. Ne4 c5 9. dxc6 bxc6 10. e3 Qe7 11. Qf3 Bd7 12. Be2 f5 13. Ng3 dxe3 14. Bxe3 Bxb2 15. 0-0 Bxa1 16. Rxa1 Nf6 17. Bh6 Kf7 18. Rd1 Rhe8 19. Bf4 d5 20. Bg5 Be6 21. h4 h5 22. Qc3 Rad8 23. c5 Qd7 24. Qxf6+ 1-0

[Event "Titled Tuesday intern op 01st Apr Late"]
[Site "Chess.com INT"]
[Date "2025.04.01"]
[Round "7"]
[White "Meduri, Aakaash"]
[Black "Montero Martinez, Cristian"]
[Result "0-1"]
[WhiteElo "2049"]
[BlackElo "2007"]
[PlyCount "160"]
[EventDate "2025.04.01"]
[EventType "swiss (blitz)"]
[EventRounds "11"]
[EventCountry "USA"]
[SourceTitle "CB15_2025"]
[SourceDate "2025.04.09"]
[SourceVersion "1"]
[SourceVersionDate "2025.04.09"]
[SourceQuality "1"]

1. d4 d6 2. c4 e5 3. dxe5 dxe5 4. Qxd8+ Kxd8 5. Nf3 f6 6. Nc3 Be6 7. e3 c6 8. Be2 Nd7 9. 0-0 Kc7 10. b3 Nh6 11. Rd1 a5 12. Bb2 Nc5 13. Rac1 Nf5 14. Nd2 Be7 15. Nde4 Rhd8 16. h3 Nxe4 17. Nxe4 a4 18. g4 Nd6 19. Nc5 Bg8 20. Nxa4 Nxc4 21. Rxd8 Bxd8 22. Bxc4 Bxc4 23. Rxc4 b5 24. Re4 bxa4 25. Rxa4 Rxa4 26. bxa4 Kb6 27. Bc3 Be7 28. Kf1 Ba3 29. Ke2 Bd6 30. Kd3 g6 31. g5 f5 32. Kc4 e4 33. Bb4 Be5 34. a5+ Kc7 35. Bc5 Kb7 36. Bb6 Bd6 37. Bc5 Be5 38. Bb6 Bd6 39. h4 Ka6 40. Bd8 Kb7 41. Kd4 Ka6 42. a4 Kb7 43. Kc4 Ka6 44. Bb6 Kb7 45. Kc3 Ka6 46. Kd2 Kb7 47. Ke2 Ka6 48. f3 exf3+ 49. Kxf3 Bb4 50. e4 fxe4+ 51. Kxe4 Bxa5 52. Bc5 Bc7 53. Bb4 Bg3 54. Kf3 Bxh4 55. Kf4 Bf2 56. Ke5 Be3 57. Kf6 Bf4 58. Bc3 c5 59. Ke6 Bxg5 60. Kf7 Be3 61. Kg7 h5 62. Kxg6 h4 63. Be5 h3 64. Kf5 Ka5 65. Ke4 Bg1 66. Kd5 Kxa4 67. Kc4 Ka5 68. Bf4 Kb6 69. Bd6 h2 70. Bg3 Kc6 71. Bxh2 Bxh2 72. Kc3 Be5+ 73. Kd3 Kd5 74. Kc2 c4 75. Kd2 Kd4 76. Kc2 c3 77. Kd1 Kc4 78. Kc1 Kb3 79. Kb1 c2+ 80. Kc1 Bf4# 0-1

[Event "Titled Tuesday intern op 01st Apr Late"]
[Site "Chess.com INT"]
[Date "2025.04.01"]
[Round "9"]
[White "Montero Martinez, Cristian"]
[Black "Fernandes, Rogerio Paulo Mulle"]
[Result "1-0"]
[WhiteElo "2007"]
[BlackElo "2241"]
[PlyCount "97"]
[EventDate "2025.04.01"]
[EventType "swiss (blitz)"]
[EventRounds "11"]
[EventCountry "USA"]
[SourceTitle "CB15_2025"]
[SourceDate "2025.04.09"]
[SourceVersion "1"]
[SourceVersionDate "2025.04.09"]
[SourceQuality "1"]

1. e4 e6 2. d4 d5 3. e5 c5 4. Nf3 Nc6 5. Bd3 Qb6 6. 0-0 Nxd4 7. Nxd4 cxd4 8. Nd2 Ne7 9. Nf3 Nc6 10. a3 Bd7 11. b4 Be7 12. Bf4 f6 13. Re1 fxe5 14. Nxe5 Nxe5 15. Bxe5 Bf6 16. Qh5+ Ke7 17. f4 Raf8 18. Qe2 g6 19. g3 a6 20. Rad1 Bb5 21. Bxb5 Qxb5 22. Qxb5 axb5 23. Bxd4 Rc8 24. Bc5+ Kf7 25. g4 Rhe8 26. f5 gxf5 27. gxf5 exf5 28. Rxe8 Rxe8 29. Rxd5 Kg6 30. Kf2 Re4 31. Be3 Rc4 32. Rxb5 Rxc2+ 33. Kf3 Rc3 34. Ke2 Rxa3 35. Rxb7 Ra2+ 36. Kf3 Rxh2 37. b5 Rb2 38. b6 h5 39. Rb8 Rb3 40. Ke2 h4 41. b7 h3 42. Rg8+ Kh5 43. b8Q Rxb8 44. Rxb8 h2 45. Rb1 Kg4 46. Kf2 Kh3 47. Bf4 Bh4+ 48. Kf3 Be7 49. Rh1 1-0

[Event "Titled Tuesday intern op 11th Mar Late"]
[Site "Chess.com INT"]
[Date "2025.03.11"]
[Round "10"]
[White "Gerbelli Neto, Eduardo"]
[Black "Montero Martinez, Cristian"]
[Result "1-0"]
[WhiteElo "2114"]
[BlackElo "2028"]
[PlyCount "73"]
[EventDate "2025.03.11"]
[EventType "swiss (blitz)"]
[EventRounds "11"]
[EventCountry "USA"]
[SourceTitle "CB12_2025"]
[SourceDate "2025.03.19"]
[SourceVersion "1"]
[SourceVersionDate "2025.03.19"]
[SourceQuality "1"]

1. e4 d6 2. Nc3 Nf6 3. f4 c5 4. Nf3 Nc6 5. Bc4 e6 6. d3 d5 7. Bb3 dxe4 8. Nxe4 Nxe4 9. dxe4 Qxd1+ 10. Kxd1 b5 11. c4 a6 12. Be3 Bb7 13. Ke2 f6 14. Rac1 Rc8 15. cxb5 axb5 16. Bxe6 Ra8 17. Bxc5 Bxc5 18. Rxc5 Ke7 19. Bd5 Rhc8 20. Rhc1 Kd6 21. Ke3 b4 22. e5+ fxe5 23. fxe5+ Nxe5 24. Rxc8 Rxc8 25. Rxc8 Bxc8 26. Be4 Nc4+ 27. Kd4 Nxb2 28. Bxh7 Be6 29. Bb1 Nd1 30. Ng5 Bd5 31. Ne4+ Kc6 32. g4 Bxe4 33. Bxe4+ Kb5 34. Bc2 Nf2 35. g5 Nh3 36. g6 Nf4 37. h4 1-0

[Event "Titled Tuesday intern op 11th Mar Late"]
[Site "Chess.com INT"]
[Date "2025.03.11"]
[Round "7"]
[White "Lin, Bryan Enming"]
[Black "Montero Martinez, Cristian"]
[Result "1-0"]
[WhiteElo "2326"]
[BlackElo "2028"]
[PlyCount "67"]
[EventDate "2025.03.11"]
[EventType "swiss (blitz)"]
[EventRounds "11"]
[EventCountry "USA"]
[SourceTitle "CB12_2025"]
[SourceDate "2025.03.19"]
[SourceVersion "1"]
[SourceVersionDate "2025.03.19"]
[SourceQuality "1"]

1. e4 d6 2. d4 Nf6 3. Nc3 e5 4. Nf3 exd4 5. Nxd4 Be7 6. Be2 0-0 7. 0-0 Re8 8. Re1 Bf8 9. Bf3 c5 10. Nde2 Be6 11. e5 dxe5 12. Qxd8 Rxd8 13. Bxb7 Nbd7 14. Bxa8 Rxa8 15. Bg5 Rb8 16. b3 c4 17. Rad1 cxb3 18. cxb3 Bb4 19. Bd2 h6 20. h3 a5 21. Na4 Ne4 22. Bxb4 axb4 23. Nc1 Ndf6 24. f3 Nc3 25. Nxc3 bxc3 26. Rxe5 c2 27. Rd2 Rc8 28. Ree2 Bf5 29. g4 Bh7 30. Kf2 g5 31. a4 Rc5 32. Rd4 Rc7 33. b4 Nd7 34. Re7 1-0

[Event "Titled Tuesday intern op 11th Mar Late"]
[Site "Chess.com INT"]
[Date "2025.03.11"]
[Round "3"]
[White "Marchand, Calix"]
[Black "Montero Martinez, Cristian"]
[Result "0-1"]
[WhiteElo "2104"]
[BlackElo "2028"]
[PlyCount "62"]
[EventDate "2025.03.11"]
[EventType "swiss (blitz)"]
[EventRounds "11"]
[EventCountry "USA"]
[SourceTitle "CB12_2025"]
[SourceDate "2025.03.19"]
[SourceVersion "1"]
[SourceVersionDate "2025.03.19"]
[SourceQuality "1"]

1. c4 d6 2. Nc3 g6 3. g3 Bg7 4. Bg2 e5 5. d3 Nc6 6. h4 h6 7. a3 Nf6 8. b4 Qe7 9. Be3 a6 10. Rc1 Nd4 11. Nf3 Ng4 12. Bd2 c6 13. e3 Ne6 14. 0-0 f5 15. Bh3 0-0 16. Ne1 h5 17. b5 axb5 18. cxb5 Rxa3 19. Bg2 Bd7 20. Nb1 Ra2 21. Qb3 Rfa8 22. bxc6 bxc6 23. Bxc6 Bxc6 24. Rxc6 e4 25. d4 Kh7 26. Bb4 Nxd4 27. exd4 Bxd4 28. Qc4 Qe5 29. Rc7+ Kh6 30. Ng2 Qxg3 31. Qxd4 Qh2# 0-1

[Event "Titled Tuesday intern op 11th Mar Late"]
[Site "Chess.com INT"]
[Date "2025.03.11"]
[Round "4"]
[White "Montero Martinez, Cristian"]
[Black "Arias, Juan Cruz"]
[Result "0-1"]
[WhiteElo "2028"]
[BlackElo "2347"]
[PlyCount "80"]
[EventDate "2025.03.11"]
[EventType "swiss (blitz)"]
[EventRounds "11"]
[EventCountry "USA"]
[SourceTitle "CB12_2025"]
[SourceDate "2025.03.19"]
[SourceVersion "1"]
[SourceVersionDate "2025.03.19"]
[SourceQuality "1"]

1. e4 c6 2. Nf3 d5 3. d3 g6 4. Nbd2 Bg7 5. g3 e5 6. Bg2 Ne7 7. 0-0 0-0 8. Re1 f6 9. h3 Na6 10. d4 dxe4 11. Nxe4 f5 12. Nc5 Nxc5 13. dxc5 e4 14. Nd2 Be6 15. Qe2 Qd5 16. Nb3 Rad8 17. Bf4 Bxb2 18. Rad1 Qc4 19. Bd6 Qxe2 20. Rxe2 Nc8 21. Rb1 Nxd6 22. cxd6 Ba3 23. Na5 Rxd6 24. Nxb7 Rb8 25. Re3 Bc5 26. Rc3 Bd4 27. Ra3 Rd7 28. c3 Rbxb7 29. Rxb7 Bxf2+ 30. Kxf2 Rxb7 31. Ke3 Kf7 32. Ra6 Bd7 33. Bf1 Ke6 34. Bc4+ Ke5 35. Ra5+ Kd6 36. Kd4 Be6 37. Ba6 Rb1 38. Be2 Rb2 39. Bc4 Bxc4 40. Kxc4 Rb7 0-1

[Event "Titled Tuesday intern op 11th Feb Early"]
[Site "Chess.com INT"]
[Date "2025.02.11"]
[Round "5"]
[White "Alavkin, Arseny Nailievich"]
[Black "Montero Martinez, Cristian"]
[Result "1-0"]
[WhiteElo "2367"]
[BlackElo "2028"]
[PlyCount "97"]
[EventDate "2025.02.11"]
[EventType "swiss (blitz)"]
[EventRounds "11"]
[EventCountry "USA"]
[SourceTitle "CB08_2025"]
[SourceDate "2025.02.19"]
[SourceVersion "1"]
[SourceVersionDate "2025.02.19"]
[SourceQuality "1"]

1. d4 d6 2. c4 g6 3. Nc3 Bg7 4. Nf3 Nc6 5. e3 e5 6. Be2 exd4 7. Nxd4 Nge7 8. 0-0 0-0 9. b3 Nxd4 10. exd4 d5 11. cxd5 Nxd5 12. Nxd5 Qxd5 13. Bb2 c6 14. Bf3 Qd6 15. Rc1 Be6 16. Qd2 Rfd8 17. Rfd1 Rd7 18. h3 Rad8 19. d5 Bxb2 20. Qxb2 Bxd5 21. Bxd5 cxd5 22. Qd4 b6 23. b4 f6 24. b5 Qe5 25. Rc6 Qxd4 26. Rxd4 Kf7 27. Kf1 Rd6 28. Rc7+ R8d7 29. Rc8 Ke6 30. Re8+ Re7 31. Rc8 Ke5 32. Rd2 f5 33. Rf8 Ke6 34. Re2+ Kd7 35. Rxe7+ Kxe7 36. Rh8 Ke6 37. Rxh7 d4 38. Rxa7 Kd5 39. Rc7 d3 40. Ke1 Kd4 41. Kd1 g5 42. Rc6 Rd5 43. Rxb6 f4 44. a4 Ke4 45. Rc6 f3 46. g3 Kd4 47. Rc7 Re5 48. Rd7+ Kc3 49. b6 1-0

[Event "Titled Tuesday intern op 11th Feb Early"]
[Site "Chess.com INT"]
[Date "2025.02.11"]
[Round "1"]
[White "Montero Martinez, Cristian"]
[Black "Fromm, Marius"]
[Result "1/2-1/2"]
[WhiteElo "2028"]
[BlackElo "2453"]
[PlyCount "104"]
[EventDate "2025.02.11"]
[EventType "swiss (blitz)"]
[EventRounds "11"]
[EventCountry "USA"]
[SourceTitle "CB08_2025"]
[SourceDate "2025.02.19"]
[SourceVersion "1"]
[SourceVersionDate "2025.02.19"]
[SourceQuality "1"]

1. e4 c5 2. Nf3 e6 3. d3 Nc6 4. g3 d5 5. Nbd2 Nf6 6. Bg2 Be7 7. 0-0 0-0 8. e5 Nd7 9. Re1 b5 10. c3 a5 11. c4 bxc4 12. dxc4 Nb6 13. b3 a4 14. Qe2 axb3 15. Nxb3 Nxc4 16. h4 Ba6 17. Qd1 Qc7 18. Bg5 Bxg5 19. hxg5 N6xe5 20. Nxe5 Nxe5 21. Nxc5 Qxc5 22. Rxe5 Bc4 23. a4 Rfb8 24. Bf1 Bb3 25. Qg4 Rb4 26. Qh3 Rbxa4 27. Rxa4 Rxa4 28. Bd3 g6 29. Rxe6 fxe6 30. Qxe6+ Kf8 31. Qf6+ Ke8 32. Qh8+ Kd7 33. Qxh7+ Kc8 34. Qxg6 Ra1+ 35. Kg2 Qd4 36. Qf5+ Kc7 37. g6 Bc4 38. Bxc4 Qxc4 39. Qe5+ Kc6 40. Qxa1 Qe4+ 41. Kg1 Kc5 42. Qc3+ Kb5 43. g7 Qb1+ 44. Kg2 Qg6 45. Qe5 Kc4 46. Qe7 d4 47. Qf8 Qe4+ 48. Qf3 Qg6 49. Qf8 Qe4+ 50. Kh2 Qh7+ 51. Kg1 Qb1+ 52. Kg2 Qe4+ 1/2-1/2

[Event "Titled Tuesday intern op 11th Feb Early"]
[Site "Chess.com INT"]
[Date "2025.02.11"]
[Round "11"]
[White "Montero Martinez, Cristian"]
[Black "Muniz, Rafael"]
[Result "0-1"]
[WhiteElo "2028"]
[BlackElo "2140"]
[PlyCount "70"]
[EventDate "2025.02.11"]
[EventType "swiss (blitz)"]
[EventRounds "11"]
[EventCountry "USA"]
[SourceTitle "CB09_2025"]
[SourceDate "2025.02.27"]
[SourceVersion "1"]
[SourceVersionDate "2025.02.27"]
[SourceQuality "1"]

1. e4 c5 2. Nf3 d6 3. Bb5+ Bd7 4. Bxd7+ Nxd7 5. c4 Ngf6 6. Nc3 g5 7. Nxg5 Rg8 8. d3 h6 9. Nh3 Rxg2 10. Bf4 Rg8 11. Qd2 Qb6 12. 0-0-0 0-0-0 13. Rhg1 Rxg1 14. Rxg1 Ne5 15. Kb1 Nf3 16. Qc1 Nxg1 17. Nxg1 Bg7 18. Bxh6 Bxh6 19. Qxh6 Rg8 20. Nge2 Qc7 21. a3 Qd7 22. h3 a6 23. Ka2 Kb8 24. Qe3 Rh8 25. Ng1 Qc8 26. b4 cxb4 27. axb4 Qg8 28. Nge2 Qg2 29. e5 Rxh3 30. Qd4 Ne8 31. b5 Qf3 32. bxa6 Qc6 33. a7+ Ka8 34. Nb5 Nc7 35. Nec3 Rh5 0-1

[Event "Titled Tuesday intern op 11th Feb Early"]
[Site "Chess.com INT"]
[Date "2025.02.11"]
[Round "10"]
[White "Pica, Eleni"]
[Black "Montero Martinez, Cristian"]
[Result "1-0"]
[WhiteElo "1609"]
[BlackElo "2028"]
[PlyCount "27"]
[EventDate "2025.02.11"]
[EventType "swiss (blitz)"]
[EventRounds "11"]
[EventCountry "USA"]
[SourceTitle "CB09_2025"]
[SourceDate "2025.02.27"]
[SourceVersion "1"]
[SourceVersionDate "2025.02.27"]
[SourceQuality "1"]

1. d4 d6 2. c4 g6 3. Nc3 Bg7 4. e4 Nc6 5. d5 Nd4 6. Be3 e5 7. Bxd4 exd4 8. Nb5 c5 9. dxc6 bxc6 10. Nxd4 Qa5+ 11. Ke2 Ba6 12. Nxc6 Bxc4+ 13. Kf3 Bxf1 14. Nxa5 1-0